000 00419nam a2200181Ia 4500
001 11267
005 20260306161933.0
008 260306t2008||||xx |||||||||||||| ||spa||
041 _aESP
082 _a985.02
_bK59
100 _aKlarén, Peter F.
_eAUT
245 0 _aNación y sociedad en la historia del Perú
260 _c2008
300 _a
_c
650 _aGEN
654 _aCHU
942 _cLIB
_dJUS
_fJUS
_2ddc
_n
999 _c11267
_d11267